000 00375nam a2200145Ia 4500
008 230917s9999||||xx |||||||||||||| ||und||
040 _e228311
_aMAIN
041 _aEnglish
082 _a005.133 B181D
100 _aBalagurusamy, E
245 0 _aData structures using C
260 _aNew Delhi
_bMcGraw Hill Education (India)
_c2015
300 _axii, 315 p.
942 _cBK
999 _c180150
_d180150